| 000 | 00522nam a2200193 4500 | ||
|---|---|---|---|
| 003 | OSt | ||
| 005 | 20181002171405.0 | ||
| 008 | 141021b xxu||||| |||| 00| 0 eng d | ||
| 020 | _a8122415121 | ||
| 040 | _c040a | ||
| 082 |
_a546 _bCHA 2004 |
||
| 100 |
_aChandra, Sulekh _91413 |
||
| 245 | _aComprehesive Inorganic Chemistry | ||
| 260 |
_aNew Dehli; _bNew Age international publishers, _c2004 |
||
| 300 |
_ai, 316 ; _bill : _c16 cm. |
||
| 504 | _aincludes index | ||
| 650 |
_aInorganic chemistry _9799 |
||
| 942 |
_2ddc _cSLOAN |
||
| 999 |
_c547 _d547 |
||